Land Economics Applied Research on Environmental Resources

Salvato in:
Dettagli Bibliografici
Natura: Periodico
Lingua:inglese
Pubblicazione: Madison University of Wisconsin
Soggetti:
Tags: Aggiungi Tag
Nessun Tag, puoi essere il primo ad aggiungerne!!

MARC

LEADER 00000nas1a22000001 4500
001 s120161
005 20250701092110.8
022 |a 0023-7639 
022 |a 1543-8325 
041 0 |a eng 
044 |a US 
245 1 0 |a Land Economics  |b Applied Research on Environmental Resources 
264 1 |a Madison  |b University of Wisconsin 
500 |a Do roku 1996 vychádzal s podnázvom: Quarterly Journal Planning, Housing Public Utilities 
610 2 0 |a plánovanie krajiny 
610 2 0 |a hospodárstvo regionálne